|
|
|
|
| LEADER |
00659nab a2200181 i 4500 |
| 001 |
misc26941 |
| 005 |
20191108150007.0 |
| 008 |
170919s1966 hu o 0|| zxx d |
| 040 |
|
|
|a SZTE Miscellanea Repozitórium
|b hun
|
| 041 |
|
|
|a zxx
|
| 100 |
1 |
|
|a Baradnay Gyula
|
| 245 |
1 |
0 |
|a Sex-chromatin vizsgálatok gynaecomastia esetekben
|h [elektronikus dokumentum] /
|c Baradnay Gyula
|
| 260 |
|
|
|c 1966
|
| 300 |
|
|
|a 112-114
|
| 490 |
0 |
|
|a Kolligátum
|
| 695 |
|
|
|a Mell - férfi, Emlő - férfi, Kórszövettan, Hormonok, Sejtmag, Sex chromatin - vizsgálat
|
| 700 |
0 |
1 |
|a Mónus Zoltán
|e aut
|
| 856 |
4 |
0 |
|u http://misc.bibl.u-szeged.hu/26941/1/019_023_112-114.pdf
|z Dokumentum-elérés
|